All City of Zagreb settlements - Statistics

General Stats
  • This quiz has been taken 33 times
    26 since last reset
  • The average score is 11 of 68
Answers on the Map
Answers color-coded by a green-red scale on the quiz's map according to % correct below.
 
Answer Stats
Answer % Correct
Zagreb
100%
Sesvete
90%
Lučko
62%
Brezovica
48%
Horvati
43%
Ivanja Reka
38%
Kašina
38%
Mala Mlaka
38%
Odra
38%
Buzin
29%
Hrvatski Leskovac
29%
Adamovec
24%
Belovar
24%
Dumovec
24%
Veliko Polje
24%
Hudi Bitek
19%
Ježdovec
19%
Markovo Polje
19%
Planina Donja
19%
Planina Gornja
19%
Soblinec
19%
Botinec
14%
Donji Čehi
14%
Donji Dragonožec
14%
Gajec
14%
Gornji Čehi
14%
Gornji Dragonožec
14%
Odranski Obrež
14%
Paruževina
14%
Popovec
14%
Vugrovec
14%
Blaguša
10%
Budenec
10%
Cerje
10%
Demerje
10%
Dobrodol
10%
Đurđekovec
10%
Goranec
10%
Hrašće Turopoljsko
10%
Jesenovec
10%
Kašinska Sopnica
10%
Kučilovina
10%
Kupinečki Kraljevec
10%
Lužan
10%
Moravče
10%
Prekvršje
10%
Prepuštovec
10%
Vugrovec Gornji
10%
Brebernica
5%
Desprim
5%
Donji Trpuci
5%
Drenčec
5%
Glavnica Donja
5%
Glavnica Gornja
5%
Glavničica
5%
Goli Breg
5%
Gornji Trpuci
5%
Grančari
5%
Lipnica
5%
Šašinovec
5%
Šimunčevec
5%
Vurnovec
5%
Žerjavinec
5%
Drežnik Brezovički
0%
Havidić Selo
0%
Starjak
0%
Strmec
0%
Zadvorsko
0%
No matching quizzes found
Score Distribution
Percent of People with Each Score
Percentile by Number Answered
Your Score History
You have not taken this quiz since the last reset